| 000 | 00416nam a2200157Ia 4500 | ||
|---|---|---|---|
| 003 | GCL | ||
| 008 | 140319s9999 xx 000 0 eng d | ||
| 040 |
_aGCL / _cGCL |
||
| 082 | 0 | 4 |
_a745.54 _bF D |
| 100 | 1 | _aFRANK, VIVIEN | |
| 245 | 1 | 0 |
_aDECORATIVE PAPER CRAFTS / _cFRANK, VIVIEN |
| 260 |
_a[S.N] : _bCHARLES LETTS AND COMPANY LTD ، _c1991 |
||
| 300 | _a96 | ||
| 650 | 0 | 4 | _aHANDCRAFTS USING PAPER |
| 942 |
_2ddc _cBK |
||
| 999 |
_c24374 _d24374 |
||